Central Library OPAC University of Rajshahi

Ethics : (Record no. 30569)

MARC details
000 -LEADER
fixed length control field 01608cam a2200337Ka 4500
001 - CONTROL NUMBER
control field 30569
003 - CONTROL NUMBER IDENTIFIER
rucl marc code BD-RjUL
005 - DATE AND TIME OF LATEST TRANSACTION
control field 20211209051601.0
008 - FIXED-LENGTH DATA ELEMENTS--GENERAL INFORMATION
fixed length control field 140410s1897 enk o 001 0 eng d
035 ## - SYSTEM CONTROL NUMBER
System control number (BD-RjUL)30655
040 ## - CATALOGING SOURCE
Original cataloging agency OCLCE
Language of cataloging eng
Transcribing agency OCLCE
Modifying agency BD-RjUL
041 ## - LANGUAGE CODE
Language code of text/sound track or separate title eng
082 ## - DEWEY DECIMAL CLASSIFICATION NUMBER
Classification number 170
Author mark and year WUE V-2 1897
100 1# - MAIN ENTRY--PERSONAL NAME
Personal name Wundt, Wilhelm Max,
Dates associated with a name 1832-1920.
9 (RLIN) 92878
245 10 - TITLE STATEMENT
Title Ethics :
Remainder of title an investigation of the facts and laws of the moral life /
Statement of responsibility, etc. by Wilhelm Wundt ; trans. from the 2d German ed. (1892) by Edward Bradford Titchener, Julia Henrietta Gulliver, and Margaret Floy Washburn.
Number of part/section of a work VOL. II.
260 ## - PUBLICATION, DISTRIBUTION, ETC. (IMPRINT)
Place of publication, distribution, etc. London :
Name of publisher, distributor, etc. Allen & Unwin ;
Place of publication, distribution, etc. New York :
Name of publisher, distributor, etc. Macmillan,
Date of publication, distribution, etc. 1897
300 ## - PHYSICAL DESCRIPTION
Pagination viii ,196 p. :
Illustrations ill. ;
Size 25 cm.
500 ## - GENERAL NOTE
General note Some volumes have special title pages.
General note "Reprinted July, 1922."
General note Includes indexes.
505 0# - FORMATTED CONTENTS NOTE
Formatted contents note I. Introduction: The facts of the moral life. -- II. Ethical systems. -- III. The principles of morality and the departments of the moral life.
506 ## - RESTRICTIONS ON ACCESS NOTE
Materials specified Use copy
Standardized terminology for access restriction Restrictions unspecified
Source of term star
Institution to which field applies MiAaHDL
650 #0 - SUBJECT ADDED ENTRY--TOPICAL TERM
Topical term or geographic name as entry element Ethics.
9 (RLIN) 92879
700 1# - ADDED ENTRY--PERSONAL NAME
Personal name Titchener, Edward Bradford,
Dates associated with a name 1867-1927.
Personal name Washburn, Margaret Floy,
Dates associated with a name 1871-1939.
Personal name Gulliver, Julia H.
Fuller form of name (Julia Henrietta),
Dates associated with a name b. 1856.
776 08 - ADDITIONAL PHYSICAL FORM ENTRY
Relationship information Print version:
Main entry heading Wundt, Wilhelm Max, 1832-1920.
Title Ethics.
Edition 3d ed.
Place, publisher, and date of publication London : Allen & Unwin ; New York : Macmillan, 1922
Record control number (OCoLC)23029378
856 40 - ELECTRONIC LOCATION AND ACCESS
Materials specified HathiTrust Digital Library
Uniform Resource Identifier <a href="http://catalog.hathitrust.org/api/volumes/oclc/23029378.html">http://catalog.hathitrust.org/api/volumes/oclc/23029378.html</a>
942 ## - ADDED ENTRY ELEMENTS (KOHA)
Source of classification or shelving scheme Dewey Decimal Classification
Koha item type Books
Holdings
Lost status Source of classification or shelving scheme Damaged status Not for loan Collection code Permanent Location Current Location Shelving location Date acquired Source of acquisition Cost, normal purchase price Total Checkouts Full call number Date last seen Copy number Koha item type
  Dewey Decimal Classification   Not For Loan Non-fiction Central Library, University of Rajshahi Central Library, University of Rajshahi Reading Room 02/11/1956 B. H. Blackwell 1.50   170 WUE V-2 1897 10/04/2014 C-1 Books